000
00299nam a22001337a 4500
008
170803b xxu||||| |||| 00| 0 eng d
020
_a
9780071591607
041
_a
eng
080
_a
004
100
_a
32
101
_a
SHK
245
_a
ENTERPRISE 2.0 IMPLEMENTATION
_c
NEWMAN,A.C
942
_2
udc
_c
BK
999
_c
22651
_d
22651